000 00354nam a2200157Ia 4500
003 Ost
005 20260225132548.0
008 260225s9999||||xx |||||||||||||| ||und||
040 _cfsic
041 _afre
082 _a440
100 _aBrian S brooks
_eAuteur
245 0 _aNews peporting and writing /
245 0 _cBrian S brooks
942 _cكتاب
999 _c33952
_d33952